Á lódáil...
Chithrabharathathile bandhavam /
| Údair Eile: | |
|---|---|
| Formáid: | Printed Book |
| Foilsithe: |
Kottayam:
Current Books,
2004.
|
| Ábhair: |
| LEADER | 00498cam a2200157ua 4500 | ||
|---|---|---|---|
| 008 | 100610t2004||||||||||| 00 ||||| c | ||
| 082 | |a 894 812 3 |b VKN/C | ||
| 245 | 0 | 0 | |a Chithrabharathathile bandhavam / |
| 260 | |a Kottayam: |b Current Books, |c 2004. | ||
| 300 | |a 94p.. | ||
| 362 | 1 | |a 2004. | |
| 650 | 0 | |a Malayalam novel | |
| 700 | 0 | 2 | |a V.K.N., |
| 942 | |c BK | ||
| 999 | |c 22272 |d 22272 | ||
| 952 | |0 0 |1 0 |4 0 |6 894_812000000000000_3_VKN |7 0 |9 23604 |a KUCL |b KUCL |d 2014-05-23 |l 0 |o 894 812 3 VKN/ |p 22750 |r 2014-05-23 |w 2014-05-23 |y BK | ||